Loading...
| Science - Physics | 0 | 8 | 1 | 1 | 75 | 75 | 105.88 | 1 | 2 | 0.00 | 0.00 |
| Fine Arts - Classical Music | 0 | 7 | 2 | 2 | 60 | 17 | 108.00 | 2 | 3 | 0.00 | 0.00 |
| Science - Biology | 0 | 3 | 0 | 2 | 30 | 59 | 110.67 | 0 | 0 | 0.00 | 0.00 |
| Fine Arts - Other | 0 | 3 | 0 | 1 | 30 | 105 | 123.67 | 0 | 0 | 0.00 | 0.00 |
| Religion | 0 | 3 | 1 | 0 | 25 | 92 | 97.67 | 0 | 0 | 0.00 | 0.00 |
| Science - Other | 0 | 4 | 3 | 0 | 25 | 26 | 72.00 | 0 | 1 | 0.00 | 0.00 |
| Any History | 0 | 2 | 1 | 1 | 15 | 83 | 116.50 | 0 | 1 | 0.00 | 0.00 |
| Current Events | 0 | 2 | 1 | 0 | 15 | 89 | 110.50 | 0 | 0 | 0.00 | 0.00 |
| Science - Chemistry | 0 | 2 | 1 | 0 | 15 | 114 | 120.00 | 0 | 0 | 0.00 | 0.00 |
| Social Science | 0 | 2 | 1 | 0 | 15 | 117 | 121.00 | 0 | 0 | 0.00 | 0.00 |
| Literature - European | 0 | 1 | 0 | 0 | 10 | 148 | 148.00 | 0 | 0 | 0.00 | 0.00 |
| Literature - World | 0 | 1 | 0 | 0 | 10 | 143 | 143.00 | 0 | 0 | 0.00 | 0.00 |
| Mythology | 0 | 1 | 0 | 1 | 10 | 146 | 146.00 | 0 | 0 | 0.00 | 0.00 |
| Literature - American | 0 | 1 | 0 | 0 | 10 | 108 | 108.00 | 0 | 0 | 0.00 | 0.00 |
| History - World | 0 | 1 | 1 | 1 | 5 | 143 | 143.00 | 0 | 0 | 0.00 | 0.00 |
| Geography | 0 | 1 | 1 | 0 | 5 | 90 | 90.00 | 0 | 0 | 0.00 | 0.00 |
| History - American | 0 | 1 | 1 | 0 | 5 | 128 | 128.00 | 0 | 0 | 0.00 | 0.00 |
| History - European | 0 | 1 | 2 | 0 | 0 | 137 | 137.00 | 0 | 0 | 0.00 | 0.00 |
| Literature - British | 0 | 0 | 1 | 0 | -5 | 0.00 | 0 | 0 | 0.00 | 0.00 |